LEADER 01443nam 2200349 n 450 001 996386981003316 005 20221107222324.0 035 $a(CKB)1000000000611362 035 $a(EEBO)2240877299 035 $a(UnM)99842698 035 $a(EXLCZ)991000000000611362 100 $a19910520d1635 uy | 101 0 $aeng 135 $aurbn||||a|bb| 200 10$aHallelujah. Praise yee the Lord, for the unburthening of a loaden conscience: by his grace in Iesus Christ vouchsafed unto the worst sinner of all the world$b[electronic resource] 210 $aLondon $cPrinted [by R. Young] for James Boler$d1635 215 $a[4], 171, [1] p. $cmusic 300 $aDedication signed: Richard Kilby. 300 $aRunning title reads: The unburthening of a loaden conscience. 300 $aProbably issued with STC 14954.3: Kilby, Richard. The burthen of a loaden conscience--cf. STC. 300 $aIdentified as STC 14956a on UMI microfilm. 300 $aReproduction of the original in the Folger Shakespeare Library. 330 $aeebo-0055 700 $aKilby$b Richard$fd. 1617.$01006882 801 0$bCu-RivES 801 1$bCu-RivES 801 2$bCStRLIN 801 2$bWaOLN 906 $aBOOK 912 $a996386981003316 996 $aHallelujah. Praise yee the Lord, for the unburthening of a loaden conscience: by his grace in Iesus Christ vouchsafed unto the worst sinner of all the world$92321577 997 $aUNISA